000 00308nam a2200133Ia 4500
003 OSt
005 20240425100029.0
008 170524s9999 xx 000 0 und d
020 _a9780471137726
040 _cIIMTU MEERUT
100 _aCOHEN- D.
245 0 _aINTRODUCTION TO COMPUTER THEORY
942 _2ddc
_c02
999 _c3504
_d3504